000 00794nam a2200301Ia 4500
001 7089
005 20240113233956.0
007 ta
008 050702s2001 a g b000 u eng u
020 _a019 565913 9
040 _aCotton College,Assam
041 _aeng
082 _a330.5812
_bSa 51 En
100 _aSankar, Ulaganathan .
245 0 _aEnvironmental Economics /
_cUlaganathan Sankar.
_hTextual Documents
250 _a1st ed. /
260 _aOxford :
_bOxford Universsity Press ,
_c2001.
300 _aviii, 469p. :
_bill. ;
_c22cm .
504 _aIndex
653 _aEconomics
653 _aEnvironmental Economics
653 _aPG-Economics
653 _aG-Economics
942 _2ddc
_cBK
999 _c7076
_d7076